000 00231nam a22000857a 4500
008 161027b xxu||||| |||| 00| 0 eng d
100 _9966
_aAnaja.O.P.
245 _aHow to Play Basket Ball
260 _aNew Delhi
_bPrerna Publications
_c2012
999 _c3625
_d3625